Managing professional development in education : issues in policy and practice

Αποθηκεύτηκε σε:
Λεπτομέρειες βιβλιογραφικής εγγραφής
Κύριος συγγραφέας: Glover, Derek
Άλλοι συγγραφείς: Law, Sue
Μορφή: Βιβλίο
Γλώσσα:English
Δημοσίευση: London : Kogan Page, 1996
Θέματα:
Ετικέτες: Προσθήκη ετικέτας
Δεν υπάρχουν, Καταχωρήστε ετικέτα πρώτοι!

MARC

LEADER 00000nam a2200000 i 4500
001 1/84227
008 990623s1996 eng d
020 |a 0-7494-1989-X 
035 |l 10051557 
040 |a GR-MY-UA  |b gre  |e aacr 
041 0 |a eng 
082 0 |a 371.146 
100 1 |a Glover, Derek. 
245 1 0 |a Managing professional development in education :  |b issues in policy and practice /  |c Derek Glover, Sue Law 
260 |a London :   |b Kogan Page,   |c 1996 
300 |a 182 p. 
650 0 0 |a Teachers  |x In-service training  |z Great Britain. 
650 0 0 |a Education  |x Study and teaching (Continuing education) 
650 0 0 |a Career development  |z Great Britain. 
650 0 0 |a Teachers  |x Training of. 
700 1 |a Law, Sue. 
852 |a INST  |b RHODES  |e 19990623  |h 371.146 GLO  |p 005400014996  |q 005400014996  |t BK  |y 0 
901 |a BIBL4-1999-2 
909 |a Ρ  |b 065707  |c 1999 
922 |a 4ΕΛΗ  |b 199905  |c ΚΠΣ/154  |d LEADER 
970 |a ΤΕΡΝΕΖΗΣ  |b ΧΡΗΣΤΟΣ  |z 19990623